| 000 | 00824nam a2200229 a 4500 | ||
|---|---|---|---|
| 005 | 20210223132650.0 | ||
| 008 | 150605s2014 mx r 000 0 spa d | ||
| 020 | _a9789212211251 | ||
| 035 | _aUPN01000204120 | ||
| 049 | _aCG | ||
| 050 | 4 |
_aHD3673.75 _bF6.7 |
|
| 245 | 0 | 0 |
_aFortalecimiento de las cadenas de valor como instrumento de la política industrial : _bmetodología y experiencia de la CEPAL en Centroamérica / _ced. Ramón Padilla Pérez. |
| 260 |
_aSantiago de Chile : _bCEPAL, _c2014. |
||
| 300 |
_a383 p. : _bcuadros, gráfs. |
||
| 440 | 0 |
_aLibros de la CEPAL ; _v123 |
|
| 650 | 4 |
_aPOLITICA INDUSTRIAL - _zGUATEMALA _924017 |
|
| 650 | 4 |
_aPOLITICA INDUSTRIAL - _zEL SALVADOR _924016 |
|
| 650 | 4 |
_aCADENAS DE VALOR _911668 |
|
| 700 | 1 |
_aPadilla Pérez, Ramón, _eed. |
|
| 905 | _aLibro | ||
| 999 |
_c176221 _d176221 |
||